01676nam a22003257a 450000500170000000800410001702000180005804100080007604400070008408200180009110000230010924500260013226001300015830000190028850400280030750500510033550500450038650501060043150500830053750500830062050501430070350500570084650500310090350501070093450500710104165000470111265000660115965000730122565000520129820140903110450.0140903b2013 ck ||||| |||| 00| 0 spa d a9789587615616 aspa ack04a333.098bF83e1 aFranco-H, Fernando10aEscritos amazónicos aLeticia, AmazonasbUniversidad Nacional de Colombia. Sede Amazonía,bInstituto Amazónico de Investigaciones - Imanic2013 a339 p.c24 cm. aIncluye bibliografías aAmazonía: conservación o desarrollo, 1996 aEconomía ecológica: qué es?, 1991 aCorporación Araracuara: la colonización científica de las selvas ecuatoriales colombianas, 2009 aAgenda de investigación ambiental amazonía colombiana, primera parte, 2006 aAgenda de investigación ambiental amazonía colombiana, segunda parte, 2007 aLa economía de los cultivos ilícitos y la ocupación reciente de la amazonía y otros bosques húmedos tropicales en Colombia, 2001 aAmazonía colombiana: conflicto y desarrollo, 1998 aUna historia sin fin, 2004 aSangre y devastación: los resultados mas tangibles de la lucha contra los cultivos ilícitos, 2004 aEl Putumayo es mas que un teatro de operaciones de la guerra, 2005 6aDesarrollo sosteniblezAmazonas (Región) 6aConservación de los recursos naturaleszAmazonas (Región) 6aErradicación de cultivos ilícitoszAmazonas (Región, Colombia) 6aConflicto armadozAmazonas (Región, Colombia)